000 00696cab a2200229 4500
001 WB3503-20
008 090401t1999 xxu||||| |||| 00| 0 eng d
035 _a(Sirsi) u90761
041 _aeng
245 _aCouncil housing is a trap
260 _c1999
350 _a0
490 _aIndependent
_v18 January 1999, 5(1)
520 _aA report published by the Oxford Psychologists Press claims that gifted people are being excluded from employment opportunities because they live in council housing.
650 _aCOUNCIL HOUSING
650 _aPREJUDICE
650 _aSOCIAL EFFECTS
650 _aSOCIAL HOUSING
690 _aECONOMIC AND SOCIAL
942 _n0
948 _c19/01/1999
999 _c57557
_d57557